Statistics for Monster Movies

Click here to take the quiz!

General Stats

  • This quiz has been taken 19,408 times
  • The average score is 12 of 18

Answer Stats

DescriptionMovie% Correct
Giant ape is exhibited on Broadway but escapes and goes on a rampageKing Kong
97%
Giant nuclear lizard ravages TokyoGodzilla
97%
Swiss scientist reanimates a corpseFrankenstein
96%
Giant shark eats skinny dippers and people in small boats off the coast of New EnglandJaws
95%
Tomb raiders awaken an ancient Egyptian priestThe Mummy
80%
Spaceship crew battles a fearsome creature that incubates in the human body
and has acid for blood
Alien
80%
Mischevious monsters destroy stuff after getting wet and being fed after midnightGremlins
75%
People try to catch a giant Amazonian snake but instead are killed by said snakeAnaconda
73%
Monsters generate power by scaring childrenMonsters Inc
69%
Scientist's experiment goes awry when an insect gets into his teleportation chamberThe Fly
67%
Shapeless mass terrorizes a Pennsylvania town, growing larger with each person it eatsThe Blob
56%
Mankind must build giant robots to fight monsters from the deepPacific Rim
52%
People are hunted by giant worm-like creatures in the deep desertTremors
51%
That same lizard battles its greatest foe, a giant mothGodzilla vs Mothra
49%
Antarctic researchers encounter an extreterrestrial lifeform that can
assimilate people and mimic their appearance perfectly
The Thing
49%
Found footage of a monster destroying New York CityCloverfield
45%
Giant killer saltwater crocodile is somehow living in a Maine lakeLake Placid
36%
Norwegian students make a documentary about a man who hunts mythological creaturesTrollhunter
19%

Score Distribution

Percentile by Number Answered

Percent of People with Each Score

Your Score History

You have not taken this quiz